Witness /

When a young Amish woman and her son get caught up in the murder of an undercover narcotics agent, their savior turns out to be hardened Philadelphia detective John Book. He runs head-on into the non-violent world of a Pennsylvania Amish community. The end result is an action-packed struggle of life...

Full description

Saved in:
Bibliographic Details
Other Authors: Wallace, Earl W., (Screenwriter), Wallace, Pamela, (Screenwriter), Kelley, William, 1929- (Screenwriter), Ford, Harrison, 1942- (Actor), McGillis, Kelly, 1957- (Actor), Sommer, M. Josef, (Actor), Haas, Lukas, 1976- (Actor), Rubeš, Jan, 1920-2009, (Actor), Godunov, Alexander, 1949-1995, (Actor), LuPone, Patti, (Actor), Glover, Danny, (Actor), Jennings, Brent, (Actor), Mortensen, Viggo, 1958- (Actor), Jarre, Maurice, (composer (expression)), Seale, John, 1942- (director of photography.)
Format: Blu-ray Disc
Language:English
French
Spanish
Italian
Japanese
Portuguese
Chinese
Czech
Danish
German
Greek
Korean
Dutch
Norwegian
Russian
Slovak
Finnish
Swedish
Turkish
Published: [Los Angeles, CA] : Paramount Pictures, [2015]
Subjects:
Tags: Add Tag
No Tags, Be the first to tag this record!
LEADER 06314cgm a2201225Ii 4500
001 13048255
005 20180213051515.0
007 vd csaizq
008 180124p20151985cau152 vleng d
024 1 |a 032429281234 
035 |a (OCoLC)919519848 
035 |a (OCoLC)ocn919519848 
040 |a TEFMT  |b eng  |e rda  |c TEFMT  |d TEF  |d OCLCO  |d OCLCF  |d TEFMT  |d OCLCO  |d WIM  |d B2Q  |d TEFMT 
028 4 2 |a 1000579045  |b Paramount 
028 4 2 |a 2000113814  |b Paramount  |q (disc) 
028 4 2 |a 3000065381  |b Paramount  |q (container) 
037 |b Midwest Tape  |n http://www.midwesttapes.com 
041 1 |a eng  |a fre  |a spa  |a ita  |a jpn  |a por  |j eng  |j fre  |j spa  |j fre  |j chi  |j cze  |j dan  |j ger  |j gre  |j ita  |j jpn  |j kor  |j dut  |j nor  |j por  |j rus  |j slo  |j fin  |j swe  |j tur  |h eng 
043 |a n-us-pa 
049 |a MAIN 
050 4 |a PN1997.2  |b .W58 2015 
082 0 4 |a 791.43/72  |2 23 
245 0 0 |a Witness /  |c Paramount Pictures presents ; an Edward S. Feldman production ; story by William Kelley and Pamela Wallace & Earl W. Wallace ; screenplay by Earl W. Wallace & William Kelley ; produced by Edward S. Feldman ; directed by Peter Weir. 
257 |a United States  |2 naf 
264 1 |a [Los Angeles, CA] :  |b Paramount Pictures,  |c [2015] 
264 2 |a Burbank, CA :  |b Warner Home Video 
264 4 |c ©1985 
264 4 |c ©2015 
300 |a 1 videodisc (152 min.) :  |b sound, color ;  |c 4 3/4 in. 
336 |a two-dimensional moving image  |b tdi  |2 rdacontent 
337 |a video  |b v  |2 rdamedia 
338 |a videodisc  |b vd  |2 rdacarrier 
344 |a digital  |b optical  |g surround  |h Dolby TrueHD  |h Dolby digital 5.1  |2 rda 
347 |a video file  |b Blu-Ray  |d 1080p high definition  |2 rda 
380 |a Motion picture. 
538 |a Blu-ray, 1080p high definition widescreen (16x9, 1.85:1); Dolby TrueHD 5.1 (English), Dolby Digital 5.1 (French, Spanish); requires Blu-ray player. 
546 |a English, Spanish, French, Italian, Japanese or Portuguese dialogue; Spanish, French, English, Chinese, Czech, Danish, German, Greek, Italian, Japanese, Korean, Dutch, Norwegian, Portuguese, Russian, Slovak, Finnish, Swedish or Turkish subtitles; subtitled for the deaf and hard of hearing (SDH). (Some language choices not listed on container.) 
511 1 |a Harrison Ford, Kelly McGillis, Josef Sommer, Lukas Haas, Jan Rubes, Alexander Godunov, Patti LuPone, Danny Glover, Brent Jennings, Viggo Mortensen. 
508 |a Music, Maurice Jarre ; editor, Thom Noble ; director of photography, John Seale. 
500 |a Originally released as a motion picture in 1985. 
500 |a 16x9 widescreen (1.85:1). 
521 8 |a MPAA rating: R. 
520 |a When a young Amish woman and her son get caught up in the murder of an undercover narcotics agent, their savior turns out to be hardened Philadelphia detective John Book. He runs head-on into the non-violent world of a Pennsylvania Amish community. The end result is an action-packed struggle of life and death, interwoven with a sensitive undercurrent of caring and forbidden love. 
650 0 |a Amish  |z Pennsylvania  |z Philadelphia  |v Drama. 
650 0 |a Amish  |x Social life and customs  |v Drama. 
650 0 |a Child witnesses  |z Pennsylvania  |v Drama. 
650 0 |a Murder  |z Pennsylvania  |z Philadelphia  |v Drama. 
650 0 |a Homicide investigation  |z Pennsylvania  |z Philadelphia  |v Drama. 
650 0 |a Police corruption  |z Pennsylvania  |z Philadelphia  |v Drama. 
650 0 |a Drug traffic  |z Pennsylvania  |z Philadelphia  |v Drama. 
650 7 |a Amish.  |2 fast  |0 (OCoLC)fst00807678 
650 7 |a Amish  |x Social life and customs.  |2 fast  |0 (OCoLC)fst00807695 
650 7 |a Child witnesses.  |2 fast  |0 (OCoLC)fst00854775 
650 7 |a Drug traffic.  |2 fast  |0 (OCoLC)fst00898722 
650 7 |a Homicide investigation.  |2 fast  |0 (OCoLC)fst00959684 
650 7 |a Murder.  |2 fast  |0 (OCoLC)fst01029781 
650 7 |a Police corruption.  |2 fast  |0 (OCoLC)fst01068588 
651 7 |a Pennsylvania.  |2 fast  |0 (OCoLC)fst01204598 
651 7 |a Pennsylvania  |z Philadelphia.  |2 fast  |0 (OCoLC)fst01204170 
650 6 |a Homicide  |x Enquêtes  |z Pennsylvanie  |z Philadelphie  |v Films. 
650 6 |a Corruption policière  |z Pennsylvanie  |z Philadelphie  |v Films. 
650 6 |a Enfants témoins  |v Films. 
650 6 |a Amish  |x Mœurs et coutumes  |v Films. 
655 7 |a Feature films.  |2 lcgft 
655 7 |a Crime films.  |2 lcgft 
655 7 |a Fiction films.  |2 lcgft 
655 7 |a Detective and mystery films.  |2 lcgft 
655 7 |a Video recordings for the hearing impaired.  |2 lcgft 
655 7 |a Crime films.  |2 fast  |0 (OCoLC)fst01710477 
655 7 |a Detective and mystery films.  |2 fast  |0 (OCoLC)fst01710476 
655 7 |a Drama.  |2 fast  |0 (OCoLC)fst01423879 
655 7 |a Feature films.  |2 fast  |0 (OCoLC)fst01710384 
655 7 |a Fiction films.  |2 fast  |0 (OCoLC)fst01710264 
655 7 |a Video recordings for the hearing impaired.  |2 fast  |0 (OCoLC)fst01710450 
655 4 |a Film américain. 
655 6 |a Vidéos pour handicapés auditifs. 
655 6 |a Films de fiction. 
655 6 |a Films policiers. 
655 6 |a Thrillers (Films) 
655 4 |a Blu-ray. 
700 1 |a Wallace, Earl W.,  |e screenwriter. 
700 1 |a Wallace, Pamela,  |e screenwriter. 
700 1 |a Kelley, William,  |d 1929-  |e screenwriter. 
700 1 |a Feldman, Edward S.,  |d 1929-  |e film producer. 
700 1 |a Weir, Peter,  |d 1944-  |e film director. 
700 1 |a Ford, Harrison,  |d 1942-  |e actor. 
700 1 |a McGillis, Kelly,  |d 1957-  |e actor. 
700 1 |a Sommer, M. Josef,  |e actor. 
700 1 |a Haas, Lukas,  |d 1976-  |e actor. 
700 1 |a Rubeš, Jan,  |d 1920-2009,  |e actor. 
700 1 |a Godunov, Alexander,  |d 1949-1995,  |e actor. 
700 1 |a LuPone, Patti,  |e actor. 
700 1 |a Glover, Danny,  |e actor. 
700 1 |a Jennings, Brent,  |e actor. 
700 1 |a Mortensen, Viggo,  |d 1958-  |e actor. 
700 1 |a Jarre, Maurice,  |e composer (expression) 
700 1 |a Noble, Thom,  |e editor of moving image work. 
700 1 |a Seale, John,  |d 1942-  |e director of photography. 
710 2 |a Paramount Pictures Corporation,  |e presenter. 
710 2 |a Paramount Home Entertainment (Firm),  |e publisher. 
710 2 |a Warner Home Video (Firm),  |e film distributor. 
730 0 2 |i Container of (work):  |a Witness (Motion picture) 
730 0 2 |i Container of (expression):  |a Witness (Motion picture).  |l French. 
730 0 2 |i Container of (expression):  |a Witness (Motion picture).  |l Spanish. 
852 |b bmc,res